[Event "Reinstorf op"]
[Site "Reinstorf"]
[Date "2022.02.03"]
[Round "6"]
[White "Reichmann, Felix"]
[Black "Hassinger, Jan Lucian"]
[Result "1-0"]
[WhiteElo "1807"]
[BlackElo "1522"]
[PlyCount "81"]
[EventDate "2022.01.29"]
[EventType "swiss"]
[EventRounds "9"]
[EventCountry "GER"]
[SourceTitle "CBM 206 Extra"]
[Source "ChessBase"]
[SourceDate "2022.03.31"]
[SourceVersion "1"]
[SourceVersionDate "2022.03.31"]
[SourceQuality "1"]

1. c4 e5 2. g3 c6 3. Nf3 e4 4. Nd4 d5 5. Bg2 Nf6 6. Nc3 Bb4 7. 0-0 0-0 8. Nc2 a5 9. cxd5 Bxc3 10. dxc3 Qxd5 11. Qxd5 cxd5 12. Rd1 Nc6 13. Bg5 Be6 14. f3 exf3 15. exf3 Nd7 16. Be3 h6 17. Nd4 Nde5 18. b3 Rac8 19. h3 Nxd4 20. Bxd4 Nc6 21. Bb6 Rfe8 22. f4 Bf5 23. Rxd5 Be4 24. Bxe4 Rxe4 25. Rd7 Ne7 26. Bxa5 Re3 27. Kf2 Re6 28. Rxb7 Nd5 29. c4 Nf6 30. a4 Rce8 31. Re1 Ne4+ 32. Kg2 Nc5 33. Rxe6 Rxe6 34. Rb8+ Kh7 35. Rb5 Nd3 36. Rd5 Nc1 37. b4 Re4 38. c5 Na2 39. c6 Nxb4 40. Bxb4 Rxb4 41. Rc5 1-0

[Event "Reinstorf op"]
[Site "Reinstorf"]
[Date "2022.01.30"]
[Round "2"]
[White "Sommer, Justus"]
[Black "Hassinger, Jan Lucian"]
[Result "1-0"]
[WhiteElo "1821"]
[BlackElo "1522"]
[PlyCount "59"]
[EventDate "2022.01.29"]
[EventType "swiss"]
[EventRounds "9"]
[EventCountry "GER"]
[SourceTitle "CBM 206 Extra"]
[Source "ChessBase"]
[SourceDate "2022.03.31"]
[SourceVersion "1"]
[SourceVersionDate "2022.03.31"]
[SourceQuality "1"]

1. e4 e6 2. d4 d5 3. Nc3 Nf6 4. Bg5 Be7 5. e5 Nfd7 6. Bxe7 Qxe7 7. Qg4 Rg8 8. f4 b6 9. Nf3 Ba6 10. f5 Bxf1 11. Rxf1 Nc6 12. Ng5 Nxd4 13. fxe6 Nxc2+ 14. Kd2 Nxe5 15. exf7+ Qxf7 16. Qa4+ Qd7 17. Qxd7+ Nxd7 18. Kxc2 0-0-0 19. Nxd5 h6 20. Ne7+ Kb7 21. Nxg8 hxg5 22. Ne7 Nf6 23. Nf5 g6 24. Ne3 Ne4 25. Rad1 Rh8 26. h3 Rh7 27. Rd4 Re7 28. Nd5 Ng3 29. Nxe7 Nxf1 30. Rd3 1-0